00796nam a2200205 i 450000100060000000300090000600500170001500700030003200800410003508000220007610000340009824500540013226000540018630000220024049000810026283000860034385200220042999900170045195201220046838381ES-MaACL20250801090216.0t|030225s1970 sp ||||1| spa d a860(728.5)-34"19"1 aCalero-Orozco, Adolfo.93366010aCuentos nicaragüenses / cAdolfo Calero-Orozco. aMadrid : bEmesa [Magisterio Español], c[1970] a154 p. ; c18 cm.1 aNovelas y cuentos ; v74. Literatura hispano americana. Narraciones siglo XX10aNovelas y cuentosv74. Literatura hispano americana. Narraciones siglo XX9179596 aES-MaACLjC-44322 c38381d38381 00104070aATENEOMbATENEOMcDEPO2d2008-01-17eSCl0oC-44322p1040408r2023-02-23 00:00:00w2023-02-23yMONOGRAFIA